| 000 | 00636pab a2200217 454500 | ||
|---|---|---|---|
| 008 | 180718b2007 xxu||||| |||| 00| 0 eng d | ||
| 100 | _aVillarreal, Andres | ||
| 245 | _aEconomic globalization and women's employment: the case of manufacturing in Mexico | ||
| 260 | _c2007 | ||
| 300 | _ap.365-89. | ||
| 362 | _aJun | ||
| 650 | _aGlobalization - Mexico | ||
| 650 | _aEconomic globalization - Mexico | ||
| 650 | _aMexico - Manufacturing industries | ||
| 650 | _aWomens employment - Mexico | ||
| 650 | _aWomens employment | ||
| 700 | _aYu, Wei-Hsin | ||
| 773 | _aAmerican Sociological Review | ||
| 908 | _aN | ||
| 909 | _a76338 | ||
| 999 |
_c76338 _d76338 |
||